Bioestadística

Saved in:
Bibliografiske detaljer
Hovedforfatter: Schefler, William C (Author)
Format: Bog
Sprog:spansk
Udgivet: Ciudad de México Fondo Educativo Interamericano 1981
Fag:
Tags: Tilføj Tag
Ingen Tags, Vær først til at tagge denne postø!

MARC

LEADER 00000nam a2200000 a 4500
001 UCP1016
003 CL-VaPUC
008 990326e19810000MX |||||||||||||||||spa|d
082 0 4 |a 570.15195  |b SCH  |2 21 
100 0 |a Schefler, William C  |e author  |9 426742 
245 1 0 |a Bioestadística 
300 |a 267 p 
942 |c BK 
945 |d 19990326 00:00:00  |a crobeson 
260 |a Ciudad de México  |b Fondo Educativo Interamericano  |c 1981 
650 0 |a Bioestadística  |9 261187 
650 0 |a Inferencia estadística  |9 312855 
650 0 |a Teoría de probabilidades   |9 336944 
650 7 |a DISTRIBUCION  |2 CL-VaPUC  |9 263761 
650 0 |a Análisis de varianza   |9 336938 
650 0 |a Análisis de regresión   |9 263763 
650 0 |a Estadística matemática  |9 260028 
583 |a last modification  |c 19990326 00:00:00  |k Rodrigo Vera 
999 |c 279738  |d 279736 
952 |0 0  |1 0  |4 0  |6 570_151950000000000_SCH_1981  |7 0  |8 A  |9 319513  |a BIBMAT  |b BIBMAT  |d 2019-11-20  |i 1333259  |o 570.15195 SCH 1981  |p 1333259  |r 2025-01-07  |w 2019-11-20  |y BK  |k MAT 
952 |0 0  |1 0  |4 0  |6 570_151950000000000_SCH_1981  |7 0  |8 A  |9 319514  |a BIBMAT  |b BIBMAT  |d 2019-11-20  |i 1333267  |o 570.15195 SCH 1981  |p 1333267  |r 2025-01-07  |w 2019-11-20  |y BK  |k MAT